| 000 | 01145nam a2200157Ia 4500 | ||
|---|---|---|---|
| 008 | 220216s9999 xx 000 0 und d | ||
| 100 | _aYamamoto K | ||
| 245 | 0 | _aLocation of extractives and decay resistance in some Malaysian hardwood species | |
| 260 |
_bJournal of Tropical Forest Science _c1989 |
||
| 300 | _a61-70 | ||
| 520 | _aThe durability of 24 Malaysian hardwoods has been assessed by a modified ASTM D2017 soil-block method using the white rot fungus, Coriolus versicolor. Using cluster analysis, the 24 timbers have been classified into four groups, viz durable but not after extraction, moderately durable, and non-durable. In general, timbers of the durable group (e.g. chengal, giam, rengas) contain more extractives than the non-durable group ( perupok, jelutong, ramin, rubberwood). The extractives are predominantly present in the parenchyma cells with some in the adjacent fibre cells. A higher proportion of extractives located in the cell lumina are easier to extract from the durable group than the moderately durable group. | ||
| 650 | _aRubberwood | ||
| 650 | _aTropical hardwood | ||
| 700 | _aHong L T | ||
| 942 | _cBO | ||
| 999 |
_c48103 _d48103 |
||